Bundesländer von Deutschland - Statistiken

Allgemein
  • Dieses Quiz wurde 204 mal gespielt
  • Das Durchschnittsergebnis liegt bei 14 aus 16
Antwortstatistiken
Antwort % Korrekt
Bayern
97%
Berlin
95%
Sachsen
94%
Hamburg
91%
Bremen
90%
Nordrhein Westfalen
90%
Niedersachsen
89%
Sachsen Anhalt
88%
Thüringen
87%
Baden Württemberg
85%
Saarland
84%
Brandenburg
82%
Hessen
82%
Schleswig Holstein
82%
Mecklenburg Vorpommern
79%
Rheinland Pfalz
79%
Keine übereinstimmenden Quizze gefunden
Verteilung der Resultate
Anzahl Personen mit jedem Resultat
Perzentil nach korrekt beantworteten Fragen
Ihre Resultats-Entwicklung
Sie haben dieses Quiz noch nicht gespielt